000 00699nam a2200205 i 4500
001 186775
003 ES-MaACL
005 20251118153330.0
008 170214s1910 sp |||| | spa d
080 _a821.134.2-23"19"
100 1 _aDelgado, Sinesio,
_d1859-1928
_943434
245 1 3 _aEl paje de la condesa /
_ccuento de damas por Sinesio Delgado ; ilustraciones de Méndez Bringa.
260 _aMadrid :
_bLos Contemporáneos,
_c1910.
300 _a[20] p. :
_bil. ;
_c28 cm.
490 1 _aLos contemporáneos ;
_v78
700 1 _aMéndez Bringa, Narciso,
_d1868-1933
_9153339
830 0 _aLos contemporáneos ;
_v78
_9185715
852 _aES-MaACL
_jR-2598(23)
999 _c186775
_d186775